[Event "Los Pumas Get Together"]
[Site "SchemingMind.com"]
[Date "2007.06.13"]
[Round "-"]
[White "acbrasileiro"]
[Black "Raimondi"]
[Result "1-0"]
[WhiteCountry "BRA"]
[BlackCountry "PER"]
[WhiteElo "1881"]
[WhiteRD "112"]
[BlackElo "1666"]
[BlackRD "72"]
[GameID "108989"]

1. Nf3 Nf6 2. b3 d5 3. Bb2 e6 4. e3 c5 5. Bb5+ Bd7 6. Nc3 Bd6 7. Bxd7+ Nbxd7 8. Nb5 Be7 9. c4 a6 10. Na3 O-O
11. cxd5 exd5 12. O-O Bd6 13. d4 Ne4 14. dxc5 Ndxc5 15. Qd4 Nf6 16. Nc2 Nce4 17. Ba3 Bxa3 18. Nxa3 Rc8 19. Rac1 Qa5 20. Qb2 Nc5
21. Rfd1 Nce4 22. Nd4 Qd8 23. Nb1 Nc5 24. Nc3 Ne6 25. Qb1 Nxd4 26. Rxd4 Qe7 27. Nxd5 Nxd5 28. Rxd5 Rfd8 29. Rxc8 Rxc8 30. Qd1 b5
31. g3 g6 32. a4 Rc5 33. Rd8+ Kg7 34. Qd4+ Qe5 35. Qxe5+ Rxe5 36. axb5 Rxb5 37. Rd3 a5 38. h4 Rb4 39. Kf1 a4 40. bxa4 Rxa4
41. Rd6 h5 42. Ke2 f5 43. Rd4 Ra2+ 44. Rd2 Ra4 45. Kf3 Kf6 46. Rd6+ Kf7 47. Rd4 Ra3 48. Kf4 Ra2 49. f3 Ra3 50. e4 fxe4
51. fxe4 Ke6 52. e5 Ra5 53. Rd6+ Kf7 54. Kg5 Rxe5+ 55. Kh6
1-0

[Event "Los Pumas Get Together"]
[Site "SchemingMind.com"]
[Date "2007.06.13"]
[Round "-"]
[White "Raimondi"]
[Black "acbrasileiro"]
[Result "1-0"]
[WhiteCountry "PER"]
[BlackCountry "BRA"]
[WhiteElo "1666"]
[WhiteRD "72"]
[BlackElo "1881"]
[BlackRD "112"]
[GameID "108990"]

1. e4 c5 2. Nf3 d6 3. d4 cxd4 4. Nxd4 Nf6 5. Nc3 a6 6. Bc4 e6 7. Bb3 Nc6 8. Be3 Bd7 9. O-O Na5 10. f4 Nxb3
11. axb3 Qc7 12. f5 e5 13. Nf3 Bc6 14. Qd3 Ng4 15. Bd2 Qb6+ 16. Kh1 Be7 17. Be1 O-O 18. h3 Nf6 19. Nd2 Qc7 20. Nc4 Rad8
21. Ne3 Ra8 22. Bh4 Rfe8 23. Bxf6 Bxf6 24. Ncd5 Bxd5 25. Nxd5 Qd8 26. b4 Rc8 27. c4 Rc6 28. Ra5 Qd7 29. Nxf6+ gxf6 30. b5 Rc5
31. b4 Rc7 32. bxa6 bxa6 33. Rxa6 Rc6 34. Ra5 Rd8 35. Rd1 Kf8 36. Rd5 Ke7 37. b5 Rcc8 38. b6 Rc6 39. Rb5 Rb8 40. c5 Rb7
41. Qc4 Qe8 42. Rxd6 Rxd6 43. cxd6+ Kd7 44. Qd5 Kc8 45. Rc5+
1-0

[Event "Los Pumas Get Together"]
[Site "SchemingMind.com"]
[Date "2007.06.13"]
[Round "-"]
[White "Mortadulo"]
[Black "Raimondi"]
[Result "0-1"]
[WhiteCountry "USA"]
[BlackCountry "PER"]
[WhiteElo "1735"]
[WhiteRD "84"]
[BlackElo "1645"]
[BlackRD "74"]
[GameID "108991"]

1. Nc3 d5 2. e4 c6 3. f4 dxe4 4. Nxe4 Nf6 5. Ng3 Bg4 6. Be2 Bxe2 7. Qxe2 e6 8. f5 Be7 9. fxe6 fxe6 10. Qxe6 Qd5
11. Qxd5 Nxd5 12. N1e2 O-O 13. c3 Nd7 14. d4 Rae8 15. Rf1 N7f6 16. Bd2 Bd6 17. O-O-O Ng4 18. Rxf8+ Rxf8 19. Ne4 Be7 20. h3 Nf2
21. Nxf2 Rxf2 22. Re1 Bd6 23. Kd1 Rxg2 24. c4 Nf6 25. Rg1 Rh2 26. Nf4 Bxf4 27. Bxf4 Rxh3 28. Be5 Kf7 29. a4 Rh4 30. b4 Ng4
31. Bg3 Ne3+ 32. Ke2 Re4 33. Kd3 Re6 34. Be5 Nf5 35. c5 g6 36. b5 h5 37. Bb8 cxb5 38. axb5 a6 39. d5 Re8 40. bxa6 Rxb8
41. axb7 Rxb7 42. c6 Rc7 43. Kc4 Ne7 44. Kc5 Rc8 45. Rb1 Kf6 46. Rb6 Ke5
0-1

[Event "Los Pumas Get Together"]
[Site "SchemingMind.com"]
[Date "2007.06.13"]
[Round "-"]
[White "Mortadulo"]
[Black "acbrasileiro"]
[Result "0-1"]
[WhiteCountry "USA"]
[BlackCountry "BRA"]
[WhiteElo "1838"]
[WhiteRD "79"]
[BlackElo "1881"]
[BlackRD "112"]
[GameID "108992"]

1. Nc3 e6 2. e4 d5 3. f4 dxe4 4. Nxe4 Nf6 5. Ng3 Bc5 6. Nf3 O-O 7. d4 Bb6 8. Bd3 Nc6 9. c3 Ne7 10. Qc2 h6
11. Bd2 c5 12. dxc5 Bxc5 13. O-O-O Bd7 14. Ne5 Bc6 15. Ne4 Bxe4 16. Bxe4 Nxe4 17. Qxe4 Qc7 18. g4 Rac8 19. h4 Qa5 20. Kb1 Qb5
21. h5 f5 22. Qc2 Bf2 23. g5 hxg5 24. fxg5 Qxe5 25. Rh2 Bg3
0-1

[Event "Los Pumas Get Together"]
[Site "SchemingMind.com"]
[Date "2007.06.13"]
[Round "-"]
[White "Raimondi"]
[Black "Mortadulo"]
[Result "0-1"]
[WhiteCountry "PER"]
[BlackCountry "USA"]
[WhiteElo "1666"]
[WhiteRD "72"]
[BlackElo "1838"]
[BlackRD "79"]
[GameID "108993"]

1. e4 c5 2. Nf3 d6 3. d4 cxd4 4. Nxd4 Nf6 5. Nc3 a6 6. Bc4 e6 7. Bb3 b5 8. Be3 Bb7 9. f3 Nbd7 10. a3 Nc5
11. Ba2 Rc8 12. Rc1 Nfd7 13. b4 Nxe4 14. Nxe4 Bxe4 15. fxe4 Qh4+ 16. Kf1 Qxe4 17. Qd3 d5 18. Qxe4 dxe4 19. c4 e5 20. Nf5 g6
21. Ng3 f5 22. Bf2 Bh6 23. Rc3 e3 24. Be1 Ke7 25. c5 Nf6 26. Bb1 e4 27. Ne2 Nd5 28. Rc2 Rhd8 29. Nc3 Nf4 30. g3 Nd3
31. Kg2 Nxe1+ 32. Rxe1 Rd2+ 33. Re2 Rcd8 34. Ba2 Rxc2 35. Rxc2 Rd2+ 36. Rxd2 exd2 37. Kf2 Bg7 38. Nd1 Bd4+ 39. Kg2 g5 40. Bb3 f4
41. gxf4 gxf4 42. Nf2 f3+ 43. Kg3 e3
0-1

[Event "Los Pumas Get Together"]
[Site "SchemingMind.com"]
[Date "2007.06.13"]
[Round "-"]
[White "acbrasileiro"]
[Black "Mortadulo"]
[Result "1-0"]
[WhiteCountry "BRA"]
[BlackCountry "USA"]
[WhiteElo "1881"]
[WhiteRD "112"]
[BlackElo "1838"]
[BlackRD "79"]
[GameID "108994"]

1. d4 Nf6 2. e3 g6 3. Bd3 Bg7 4. f4 O-O 5. Nf3 c5 6. c3 b6 7. O-O Bb7 8. Nbd2 d5 9. Re1 Nc6 10. Ne5 Nd7
11. Ndf3 Ndxe5 12. fxe5 f6 13. exf6 Bxf6 14. e4 cxd4 15. e5 Nxe5 16. Nxe5 dxc3 17. Qg4 Bxe5 18. Rxe5 Bc8 19. Qd4 e6 20. bxc3 Qc7
21. Bh6 Rf7 22. Ree1 Bd7 23. Rf1 Qc5 24. Rxf7 Kxf7 25. Rf1+ Kg8 26. g3 Re8 27. Kg2 e5 28. Qf2 Qxf2+ 29. Rxf2 Rd8 30. Ba6 Be6
31. Bb7 Bf7 32. Rf6 d4 33. cxd4 exd4 34. a4 Rd7 35. Bc6 Rc7 36. Kf2
1-0

[Event "Los Pumas Get Together"]
[Site "SchemingMind.com"]
[Date "2007.06.13"]
[Round "-"]
[White "strokem1"]
[Black "Raimondi"]
[Result "0-1"]
[WhiteCountry "USA"]
[BlackCountry "PER"]
[WhiteElo "1321"]
[WhiteRD "83"]
[BlackElo "1666"]
[BlackRD "72"]
[GameID "109024"]

1. e4 e5 2. Nf3 Nc6 3. Bb5 a6 4. Ba4 Nf6 5. Nc3 b5 6. Bb3 Be7 7. O-O d6 8. h3 Na5 9. Bd5 Nxd5 10. Nxd5 Bb7
11. b4 Nc6 12. a3 O-O 13. d3 f5 14. exf5 Rxf5 15. Nxe7+ Qxe7 16. c4 bxc4 17. dxc4 Nd8 18. Nd2 Ne6 19. Nb3 Raf8 20. Qe2 Nf4
21. Bxf4 Rxf4 22. g3 Qg5 23. a4 Rxf2 24. Rxf2 Qxg3+ 25. Kf1 Qg2+ 26. Ke1 Qg1+ 27. Rf1 Qg3+ 28. Rf2 Qxb3 29. Rxf8+ Kxf8 30. b5 Qc3+
31. Kf2 Qxa1 32. Qg4 Qd4+
0-1

[Event "Los Pumas Get Together"]
[Site "SchemingMind.com"]
[Date "2007.06.13"]
[Round "-"]
[White "strokem1"]
[Black "Mortadulo"]
[Result "0-1"]
[WhiteCountry "USA"]
[BlackCountry "USA"]
[WhiteElo "1321"]
[WhiteRD "83"]
[BlackElo "1838"]
[BlackRD "79"]
[GameID "109025"]

1. e4 c5 2. Nf3 d6 3. d4 cxd4 4. Nxd4 Nf6 5. Nc3 a6 6. Bg5 e6 7. Bc4 b5 8. Bb3 Nbd7 9. Qf3 Bb7 10. a3 h6
11. Bh4 Ne5 12. Qe3 Rc8 13. O-O Nc4 14. Bxc4 Rxc4 15. b3 Rc5 16. f4 Qc7 17. Nde2 Be7 18. Qd3 Ng4 19. Bxe7 Kxe7 20. a4 b4
21. Na2 Rxc2 22. Nxb4 Qc5+ 23. Nd4 Rc3 24. Qd1 Ne3
0-1

[Event "Los Pumas Get Together"]
[Site "SchemingMind.com"]
[Date "2007.06.14"]
[Round "-"]
[White "strokem1"]
[Black "acbrasileiro"]
[Result "0-1"]
[WhiteCountry "USA"]
[BlackCountry "BRA"]
[WhiteElo "1321"]
[WhiteRD "83"]
[BlackElo "1881"]
[BlackRD "112"]
[GameID "109026"]

1. e4 Nc6 2. Nf3 e5 3. Bb5 Nf6 4. Nc3 Nd4 5. Bc4 Nxf3+ 6. Qxf3 c6 7. a3 b5 8. Ba2 b4 9. axb4 Bxb4 10. Ne2 O-O
11. c3 Be7 12. d4 exd4 13. Nxd4 d6 14. O-O Bb7 15. Re1 d5 16. exd5 Nxd5 17. Bd2 Bf6 18. c4 Nb6 19. c5 Qxd4 20. Be3 Qxb2
21. cxb6 axb6 22. Bxf7+ Rxf7 23. Rxa8+ Bxa8 24. Bg5 Rf8 25. Bc1 Qb5 26. Ba3 c5 27. Qd1 Bd4 28. Re2 Qc6 29. Qb3+ Qd5 30. Qg3 Bxf2+
0-1

[Event "Los Pumas Get Together"]
[Site "SchemingMind.com"]
[Date "2007.06.13"]
[Round "-"]
[White "Raimondi"]
[Black "strokem1"]
[Result "1-0"]
[WhiteCountry "PER"]
[BlackCountry "USA"]
[WhiteElo "1666"]
[WhiteRD "72"]
[BlackElo "1321"]
[BlackRD "83"]
[GameID "109027"]

1. e4 e5 2. f4 Nc6 3. Nf3 exf4 4. Bc4 Bc5 5. d4 Bb6 6. Bxf4 a6 7. O-O Nf6 8. Bg5 h6 9. Bxf6 Qxf6 10. Kh1 O-O
11. c3 d6 12. Qd3 Ba7 13. a4 Na5 14. Ba2 c5 15. e5 dxe5 16. Nxe5 Qd6 17. Bxf7+ Rxf7 18. Nxf7 Qc7 19. Ne5 c4 20. Qf3 Be6
21. Nd2 b5 22. Qxa8+ Bb8 23. Qf3 Nc6 24. Rae1 Nxe5 25. Rxe5 Qe7 26. Rxe6 Qxe6 27. Qf8+ Kh7 28. Qxb8
1-0

[Event "Los Pumas Get Together"]
[Site "SchemingMind.com"]
[Date "2007.06.13"]
[Round "-"]
[White "Mortadulo"]
[Black "strokem1"]
[Result "1-0"]
[WhiteCountry "USA"]
[BlackCountry "USA"]
[WhiteElo "1838"]
[WhiteRD "79"]
[BlackElo "1321"]
[BlackRD "83"]
[GameID "109028"]

1. Nc3 Nc6 2. e4 e5 3. Bc4 Bc5 4. Qg4 g6 5. Qf3 Nf6 6. Nd5 Nxd5 7. Bxd5 O-O 8. c3 a5 9. d3 a4 10. Bh6 Ne7
11. Bxf8 Qxf8 12. h4 h5 13. Nh3 Kg7 14. g4 c6 15. d4 exd4 16. cxd4 Bb4+ 17. Ke2 cxd5 18. gxh5 dxe4 19. h6+ Kxh6 20. Qf4+ Kg7
21. h5 Ra5 22. h6+ Kh8 23. Qf6+
1-0

[Event "Los Pumas Get Together"]
[Site "SchemingMind.com"]
[Date "2007.06.14"]
[Round "-"]
[White "acbrasileiro"]
[Black "strokem1"]
[Result "1-0"]
[WhiteCountry "BRA"]
[BlackCountry "USA"]
[WhiteElo "1881"]
[WhiteRD "112"]
[BlackElo "1321"]
[BlackRD "83"]
[GameID "109029"]

1. e4 c5 2. Nf3 d6 3. e5 Nc6 4. d4 dxe5 5. Nxe5 Nxe5 6. dxe5 Qxd1+ 7. Kxd1 Bg4+ 8. f3 O-O-O+ 9. Bd2 Bf5 10. Bc4 e6
11. Nc3 Nh6 12. Re1 Be7 13. Re2 Bg5 14. Ke1 Bxd2+ 15. Rxd2 g5 16. Rad1 Rxd2 17. Rxd2 a6 18. g4 Bg6 19. Bd3 Bxd3 20. Rxd3 b6
21. Na4 Kc7 22. Rd6 Rb8 23. Nc3 Ng8 24. Ne4 h6 25. Kf2 Rf8 26. Ke3 f5 27. gxf5 exf5 28. Nc3 Rd8 29. Nd5+ Kc8 30. Nxb6+ Kc7
31. Nd5+ Kc8 32. Rc6+ Kb7 33. Rxc5 h5 34. Nf6 Nxf6 35. exf6 Rf8 36. Rxf5 h4 37. f7 Kc7 38. Ke4 Kd6 39. Rd5+ Ke6 40. Rxg5 Rxf7
41. Rg6+ Kd7 42. Rxa6 Re7+ 43. Kd3
1-0

[Event "Los Pumas Get Together"]
[Site "SchemingMind.com"]
[Date "2007.06.13"]
[Round "-"]
[White "Zugzwang"]
[Black "Raimondi"]
[Result "0-1"]
[WhiteCountry "CAN"]
[BlackCountry "PER"]
[WhiteElo "1418"]
[WhiteRD "65"]
[BlackElo "1637"]
[BlackRD "75"]
[GameID "109096"]

1. d4 d5 2. Nf3 Nf6 3. e3 c6 4. Bd3 Bg4 5. c4 e6 6. Qb3 Qc7 7. Ne5 Bh5 8. Nd2 Nbd7 9. Nxd7 Qxd7 10. O-O Be7
11. Re1 O-O 12. e4 Nxe4 13. Nxe4 dxe4 14. Rxe4 Bg6 15. Rg4 Bxd3 16. Qxd3 Bf6 17. Bh6 Kh8 18. Bf4 Rad8 19. Qh3 Qxd4 20. Qf3 Qxb2
21. Re1 Rd4 22. Be5 Bxe5
0-1

[Event "Los Pumas Get Together"]
[Site "SchemingMind.com"]
[Date "2007.06.13"]
[Round "-"]
[White "Zugzwang"]
[Black "Mortadulo"]
[Result "1-0"]
[WhiteCountry "CAN"]
[BlackCountry "USA"]
[WhiteElo "1406"]
[WhiteRD "64"]
[BlackElo "1735"]
[BlackRD "84"]
[GameID "109097"]

1. d4 Nf6 2. Nf3 g6 3. e3 Bg7 4. b3 c5 5. Bb2 d5 6. Be2 Nc6 7. O-O cxd4 8. Nxd4 O-O 9. c4 Re8 10. f4 Nxd4
11. Bxd4 e6 12. Nd2 Bd7 13. Nf3 Ne4 14. Bxg7 Kxg7 15. cxd5 Nc3 16. Qd4+ Qf6 17. Qxf6+ Kxf6 18. Bc4 exd5 19. Bd3 Rxe3 20. Bc2 Rae8
21. Rfe1 Rxe1+ 22. Nxe1 Ne2+ 23. Kf2 Nxf4 24. Kf3 Ne2 25. Bd3 Nd4+ 26. Kf4 g5+ 27. Kg3 Bf5 28. Bxf5 Nxf5+ 29. Kf2 h5 30. Rc1 Nd6
31. Nd3 Ne4+ 32. Kg1 Ke6 33. Rc7 Re7 34. Rxe7+ Kxe7 35. g3 Kd6 36. Kg2
1-0

[Event "Los Pumas Get Together"]
[Site "SchemingMind.com"]
[Date "2007.06.13"]
[Round "-"]
[White "Zugzwang"]
[Black "strokem1"]
[Result "0-1"]
[WhiteCountry "CAN"]
[BlackCountry "USA"]
[WhiteElo "1435"]
[WhiteRD "68"]
[BlackElo "1321"]
[BlackRD "83"]
[GameID "109098"]

1. d4 d5 2. Nf3 Nc6 3. e3 Bf5 4. c4 dxc4 5. Bxc4 e6 6. Qb3 Na5 7. Qa4+ Nc6 8. Bb5 Ne7 9. Ne5 Qd6 10. Nc3 a6
11. Bxc6+ Nxc6 12. e4 Bg6 13. O-O Bh5 14. f4 Qxd4+ 15. Qxd4 Nxd4 16. Rf2 Bc5 17. Rd2 f6 18. Nc4 Nf3+ 19. Kh1 Nxd2 20. Bxd2 O-O-O
21. h3 Bb4 22. g4 Bg6 23. h4 h5 24. f5 exf5 25. gxf5 Bf7 26. Nb6+ cxb6 27. Rc1 Rxd2 28. Nb1+ Kb8 29. Nxd2 Bxd2 30. Rd1 Be3
31. Rd7 Bxa2 32. Rxg7 Bb1
0-1

[Event "Los Pumas Get Together"]
[Site "SchemingMind.com"]
[Date "2007.06.14"]
[Round "-"]
[White "Zugzwang"]
[Black "acbrasileiro"]
[Result "0-1"]
[WhiteCountry "CAN"]
[BlackCountry "BRA"]
[WhiteElo "1418"]
[WhiteRD "65"]
[BlackElo "1794"]
[BlackRD "146"]
[GameID "109099"]

1. d4 d5 2. Nf3 Bf5 3. c4 Bxb1 4. Rxb1 e6 5. Qb3 b6 6. Ne5 dxc4 7. Qxc4 Nf6 8. e3 Bd6 9. Qa4+ Nfd7 10. Bb5 Bxe5
11. dxe5 O-O 12. O-O Nxe5 13. Bd2 Qxd2
0-1

[Event "Los Pumas Get Together"]
[Site "SchemingMind.com"]
[Date "2007.06.14"]
[Round "-"]
[White "Raimondi"]
[Black "Zugzwang"]
[Result "1-0"]
[WhiteCountry "PER"]
[BlackCountry "CAN"]
[WhiteElo "1637"]
[WhiteRD "75"]
[BlackElo "1418"]
[BlackRD "65"]
[GameID "109100"]

1. e4 e5 2. f4 exf4 3. Nf3 g5 4. h4 g4 5. Ne5 Bg7 6. d4 d6 7. Nxg4 Bxg4 8. Qxg4 Bxd4 9. c3 Be5 10. Bc4 Nf6
11. Qg7 Rf8 12. O-O d5 13. exd5 Qd6 14. Qg5 Nbd7 15. Bxf4 Ne4 16. Bxe5 Qc5+ 17. Bd4 Qxc4 18. Re1 f5 19. Nd2 Nc5 20. Nxc4
1-0

[Event "Los Pumas Get Together"]
[Site "SchemingMind.com"]
[Date "2007.06.14"]
[Round "-"]
[White "Mortadulo"]
[Black "Zugzwang"]
[Result "1-0"]
[WhiteCountry "USA"]
[BlackCountry "CAN"]
[WhiteElo "1801"]
[WhiteRD "82"]
[BlackElo "1440"]
[BlackRD "69"]
[GameID "109101"]

1. Nc3 e5 2. Nf3 d6 3. d4 Nc6 4. dxe5 Bf5 5. e4 Bg6 6. Bb5 Ne7 7. exd6 Qxd6 8. Qxd6 cxd6 9. Bf4 O-O-O 10. O-O-O Nb4
11. Bxd6 Nbc6 12. Bxe7 Nxe7 13. Ne5 Bh5 14. f3 Rxd1+ 15. Rxd1 g5 16. Nd5 Nxd5 17. Rxd5 Bh6 18. g4 Bg6 19. Bd7+ Kb8 20. Bf5 Bxf5
21. exf5 Re8 22. Nxf7 Bg7 23. Rd8+ Rxd8 24. Nxd8 Kc8 25. Ne6 Be5 26. h3 Kd7 27. c4 h6 28. b3 b6 29. Kc2 a5 30. Kd3 Kd6
31. Ke4 Bc3 32. f4 gxf4 33. Kxf4 Ke7 34. Nc7 Kd6 35. Nb5+
1-0

[Event "Los Pumas Get Together"]
[Site "SchemingMind.com"]
[Date "2007.06.14"]
[Round "-"]
[White "strokem1"]
[Black "Zugzwang"]
[Result "0-1"]
[WhiteCountry "USA"]
[BlackCountry "CAN"]
[WhiteElo "1321"]
[WhiteRD "83"]
[BlackElo "1435"]
[BlackRD "68"]
[GameID "109102"]

1. e4 e5 2. Nf3 Nf6 3. Bc4 Nxe4 4. d3 Nf6 5. Bg5 Be7 6. Nbd2 d5 7. Bxf6 Bxf6 8. Bb3 O-O 9. O-O Nc6 10. Re1 b5
11. c4 bxc4 12. dxc4 Nb4 13. cxd5 Bf5 14. Nc4 e4 15. Nfd2 Nd3 16. Re3 Re8 17. f3 Bd4 18. Bc2 Bxe3+ 19. Nxe3 Nxb2 20. Qe1 exf3
21. Bxf5 Qg5 22. Nxf3 Qxe3+ 23. Qxe3 Rxe3 24. Nd2 Rd8 25. Nf1 Re5 26. Bc2 Rexd5 27. a4 R8d6 28. Ne3 Rd2 29. Nc4 Nxc4
0-1

[Event "Los Pumas Get Together"]
[Site "SchemingMind.com"]
[Date "2007.06.14"]
[Round "-"]
[White "acbrasileiro"]
[Black "Zugzwang"]
[Result "1-0"]
[WhiteCountry "BRA"]
[BlackCountry "CAN"]
[WhiteElo "1794"]
[WhiteRD "146"]
[BlackElo "1418"]
[BlackRD "65"]
[GameID "109103"]

1. b3 e5 2. Bb2 e4 3. e3 d5 4. Nc3 Nf6 5. Nce2 c6 6. Ng3 Bd6 7. Nh5 Nbd7 8. Nxg7+ Kf8 9. Nf5 Nc5 10. Nxd6 Qxd6
11. h3 b5 12. Ne2 Ke7 13. g4 Bd7 14. g5 Ne8 15. Bxh8
1-0

[Event "Los Pumas Get Together"]
[Site "SchemingMind.com"]
[Date "2007.06.14"]
[Round "-"]
[White "lawrencehourihan"]
[Black "Raimondi"]
[Result "0-1"]
[WhiteCountry "CAN"]
[BlackCountry "PER"]
[WhiteElo "1544"]
[WhiteRD "84"]
[BlackElo "1637"]
[BlackRD "75"]
[GameID "109155"]

1. e4 e5 2. Nf3 Nc6 3. Bb5 a6 4. Ba4 Nf6 5. O-O Nxe4 6. d4 b5 7. Bb3 d5 8. dxe5 Be6 9. c3 Bc5 10. Nbd2 O-O
11. Nd4 Nxe5 12. Nxe4 dxe4 13. Bxe6 fxe6 14. Be3 Bxd4 15. Bxd4 Nc6 16. Re1 Nxd4 17. cxd4 Qd5 18. Qd2 e5 19. Red1 Rfd8 20. Qa5 c5
21. Qe1 exd4 22. a3 c4 23. h3 d3 24. Rac1 d2
0-1

[Event "Los Pumas Get Together"]
[Site "SchemingMind.com"]
[Date "2007.06.14"]
[Round "-"]
[White "lawrencehourihan"]
[Black "Zugzwang"]
[Result "1-0"]
[WhiteCountry "CAN"]
[BlackCountry "CAN"]
[WhiteElo "1544"]
[WhiteRD "84"]
[BlackElo "1418"]
[BlackRD "65"]
[GameID "109156"]

1. e4 e5 2. Nf3 Nf6 3. d4 exd4 4. e5 Ne4 5. Qxd4 d5 6. exd6 Nxd6 7. Nc3 Bf5 8. Qa4+ c6 9. Be3 b5 10. Qb3 Be7
11. O-O-O Qc8 12. Bd3 Bxd3 13. Rxd3 O-O 14. Rhd1 Rd8 15. Ne5 Qe6 16. Qxe6 fxe6 17. Bc5 Bf6 18. Ng4 Bxc3 19. bxc3 Na6 20. Bxd6
1-0

[Event "Los Pumas Get Together"]
[Site "SchemingMind.com"]
[Date "2007.06.14"]
[Round "-"]
[White "lawrencehourihan"]
[Black "Mortadulo"]
[Result "0-1"]
[WhiteCountry "CAN"]
[BlackCountry "USA"]
[WhiteElo "1544"]
[WhiteRD "84"]
[BlackElo "1897"]
[BlackRD "82"]
[GameID "109157"]

1. e4 c5 2. Nf3 d6 3. d4 cxd4 4. Nxd4 Nf6 5. Nc3 a6 6. Bg5 e6 7. Qd2 h6 8. Be3 Ng4 9. O-O-O Nxe3 10. Qxe3 Nc6
11. f4 Be7 12. Be2 e5 13. Nxc6 bxc6 14. g3 Rb8 15. f5 Bg5
0-1

[Event "Los Pumas Get Together"]
[Site "SchemingMind.com"]
[Date "2007.06.14"]
[Round "-"]
[White "lawrencehourihan"]
[Black "strokem1"]
[Result "1-0"]
[WhiteCountry "CAN"]
[BlackCountry "USA"]
[WhiteElo "1524"]
[WhiteRD "81"]
[BlackElo "1321"]
[BlackRD "83"]
[GameID "109158"]

1. e4 c5 2. Nf3 d6 3. d4 cxd4 4. Nxd4 Nc6 5. Bb5 Qb6 6. Bxc6+ bxc6 7. b3 e5 8. Nf3 Bg4 9. Bb2 f5 10. exf5 Bxf5
11. Nbd2 Nf6 12. Nc4 Qc7 13. Ne3 Be6 14. O-O h6 15. Re1 Be7 16. c4 O-O 17. b4 d5 18. Bxe5 Qd7 19. c5 Ng4 20. Nxg4 Bxg4
21. Re3 Bg5 22. Rd3 Bf6 23. Bxf6 Rxf6 24. Qb3 Raf8 25. Ne5 Qf5 26. Nxg4 Qxg4 27. f3 Qg5 28. Rf1 Rf4 29. a3 Rc4 30. b5 cxb5
31. Qxb5 Rc1 32. Rdd1 Rxd1 33. Rxd1 Qe3+ 34. Kh1 Rxf3 35. c6 Rf7 36. Qxd5 Qb6 37. Rc1 a5 38. c7 Qf6 39. c8=Q+ Kh7 40. Qcc4 Rf8
41. Qf3 Qe7 42. Qce4+
1-0

[Event "Los Pumas Get Together"]
[Site "SchemingMind.com"]
[Date "2007.06.14"]
[Round "-"]
[White "lawrencehourihan"]
[Black "acbrasileiro"]
[Result "0-1"]
[WhiteCountry "CAN"]
[BlackCountry "BRA"]
[WhiteElo "1524"]
[WhiteRD "81"]
[BlackElo "1881"]
[BlackRD "112"]
[GameID "109159"]

1. e4 c5 2. Nf3 d6 3. d4 cxd4 4. Nxd4 Nf6 5. Nc3 a6 6. Bg5 e6 7. Be2 Be7 8. Be3 Nc6 9. Nb3 b5 10. f4 b4
11. Na4 Nxe4 12. Nb6 Rb8 13. Nxc8 Qxc8 14. Bf3 d5 15. Qd3 Nd6 16. Nc5 Nc4 17. O-O Nxe3 18. Qxe3 Na5 19. Nb3 Nc4 20. Qc1 O-O
21. h3 Qc7 22. g3 Rfc8 23. Kh2 Bf6 24. Rb1 Nxb2 25. Rxb2 Bxb2 26. Qxb2 Qxc2+ 27. Qxc2 Rxc2+ 28. Bg2 Rxa2 29. h4 Rc8 30. Kh3 h5
31. Nd4 Rc4 32. Rd1 Ra3 33. Nf3 Rcc3 34. Rf1 a5 35. Kh2 a4 36. Nd4 Rxg3 37. Nc2 Rxg2+ 38. Kxg2 Ra2 39. Rf2 b3
0-1

[Event "Los Pumas Get Together"]
[Site "SchemingMind.com"]
[Date "2007.06.14"]
[Round "-"]
[White "Raimondi"]
[Black "lawrencehourihan"]
[Result "1-0"]
[WhiteCountry "PER"]
[BlackCountry "CAN"]
[WhiteElo "1637"]
[WhiteRD "75"]
[BlackElo "1544"]
[BlackRD "84"]
[GameID "109160"]

1. e4 c6 2. d4 d5 3. Nc3 dxe4 4. Nxe4 Bf5 5. Ng3 Bg6 6. Nf3 Nd7 7. h4 h6 8. h5 Bh7 9. Bd3 Bxd3 10. Qxd3 Qc7
11. Bd2 e6 12. O-O-O Ngf6 13. Kb1 Qb6 14. Ne5 Be7 15. Be3 Qc7 16. f4 Nb6 17. Ne4 Nfd5 18. Bc1 Nb4 19. Qf3 N4d5 20. g4 O-O-O
21. Nxf7 Rhf8 22. Nxd8 Bxd8 23. Rhf1 Nd7 24. c4 Ne7 25. c5 Nd5 26. Nd6+ Kb8 27. Qh3 b6 28. Qb3 Ka8 29. Qc4 Be7 30. f5 exf5
31. Nxf5 Bg5 32. Nxg7 Rxf1 33. Rxf1 b5 34. Qe2 Nf4 35. Ne6 Nxe2 36. Nxc7+ Kb7 37. Bxg5 Nxd4 38. Be3
1-0

[Event "Los Pumas Get Together"]
[Site "SchemingMind.com"]
[Date "2007.06.14"]
[Round "-"]
[White "Zugzwang"]
[Black "lawrencehourihan"]
[Result "1-0"]
[WhiteCountry "CAN"]
[BlackCountry "CAN"]
[WhiteElo "1418"]
[WhiteRD "65"]
[BlackElo "1544"]
[BlackRD "84"]
[GameID "109161"]

1. d4 Nf6 2. Nf3 e6 3. e3 d5 4. Bd3 Nc6 5. O-O Be7 6. Re1 Nb4 7. c3 Nxd3 8. Qxd3 Bd7 9. Nbd2 a6 10. e4 dxe4
11. Nxe4 O-O 12. Neg5 g6 13. Ne5 Be8 14. Re3 c5 15. Rh3 Nh5 16. Nxh7 Kxh7 17. g4 f6 18. gxh5 fxe5 19. hxg6+ Kg7 20. Bh6+ Kf6
21. Rf3#
1-0

[Event "Los Pumas Get Together"]
[Site "SchemingMind.com"]
[Date "2007.06.14"]
[Round "-"]
[White "Mortadulo"]
[Black "lawrencehourihan"]
[Result "1-0"]
[WhiteCountry "USA"]
[BlackCountry "CAN"]
[WhiteElo "1897"]
[WhiteRD "82"]
[BlackElo "1544"]
[BlackRD "84"]
[GameID "109162"]

1. Nc3 d5 2. e4 dxe4 3. Nxe4 e5 4. Bc4 Bf5 5. Qf3 Qd7 6. Nc5 Bxc5 7. Qxb7 Bxf2+ 8. Kxf2 Qd4+ 9. Ke1 Qxc4 10. Qxa8 Qb4
11. Qd5 Qe4+ 12. Qxe4
1-0

[Event "Los Pumas Get Together"]
[Site "SchemingMind.com"]
[Date "2007.06.14"]
[Round "-"]
[White "strokem1"]
[Black "lawrencehourihan"]
[Result "0-1"]
[WhiteCountry "USA"]
[BlackCountry "CAN"]
[WhiteElo "1321"]
[WhiteRD "83"]
[BlackElo "1524"]
[BlackRD "81"]
[GameID "109163"]

1. e4 c6 2. Nf3 d5 3. exd5 cxd5 4. Bb5+ Nc6 5. Nd4 Bd7 6. Nxc6 Bxc6 7. Qe2 a6 8. Bxc6+ bxc6 9. d4 g6 10. O-O Nf6
11. c4 Bg7 12. c5 h5 13. Nc3 O-O 14. f3 Re8 15. a4 Qc7 16. f4 e6 17. h3 Nd7 18. b4 Bxd4+ 19. Kh1 Bxc3 20. Rb1 Bg7
21. a5 Nf6 22. Bb2 Ne4 23. Bxg7 Kxg7 24. Rb3 h4 25. Qe1 Ng3+ 26. Kg1 Nxf1 27. Kxf1 Qxf4+ 28. Kg1 Rab8
0-1

[Event "Los Pumas Get Together"]
[Site "SchemingMind.com"]
[Date "2007.06.14"]
[Round "-"]
[White "acbrasileiro"]
[Black "lawrencehourihan"]
[Result "1-0"]
[WhiteCountry "BRA"]
[BlackCountry "CAN"]
[WhiteElo "1794"]
[WhiteRD "146"]
[BlackElo "1544"]
[BlackRD "84"]
[GameID "109164"]

1. d4 Nf6 2. e3 e6 3. Bd3 d5 4. f4 c5 5. c3 c4 6. Bc2 b5 7. Nf3 Be7 8. Nbd2 Ng4 9. Qe2 Nf6 10. O-O a5
11. e4 dxe4 12. Nxe4 Nbd7 13. Bd2 Bb7 14. Ne5 Nxe5 15. fxe5 Nd5 16. Qg4 f5 17. exf6 Nxf6 18. Qxg7 Rg8 19. Nxf6+ Bxf6 20. Qxg8+ Kd7
21. Qf7+
1-0